MARC details
| 000 -CABECERA |
| campo de control de longitud fija |
03320nam a2200265 a 4500 |
| 005 - FECHA Y HORA DE LA ÚLTIMA TRANSACCIÓN |
| campo de control |
20240906063842.0 |
| 008 - DATOS DE LONGITUD FIJA--INFORMACIÓN GENERAL |
| campo de control de longitud fija |
240827s2019 ag ||||fr|||| 000 0 spa d |
| 020 ## - NÚMERO INTERNACIONAL NORMALIZADO PARA LIBROS |
| Número Internacional Normalizado del libro |
9789875386679 |
| 040 ## - FUENTE DE CATALOGACIÓN |
| Agencia de catalogación original |
MX-MxUPN |
| Idioma de catalogación |
spa |
| Agencia que realiza la transcripción |
MX-MxUPN |
| 041 0# - |
| -- |
spa |
| 050 14 - |
| -- |
HQ767.9 |
| -- |
P43 2019 |
| 245 00 - MENCIÓN DE TÍTULO |
| Título |
Pediatría, desarrollo infantil e interdisciplina : |
| Parte restante del título |
una mirada desde la complejidad |
| 250 ## - MENCIÓN DE EDICIÓN |
| Mención de edición |
1a. edición. |
| 260 ## - PUBLICACION, DISTRIBUCION, ETC. (PIE DE IMPRENTA) |
| Lugar de publicación, distribución, etc. |
Buenos Aires, Argentina : |
| Nombre del editor, distribuidor, etc. |
Noveduc, |
| Fecha de publicación, distribución, etc. |
2019 |
| 300 ## - DESCRIPCIÓN FÍSICA |
| Extensión |
268 páginas |
| 490 0# - |
| -- |
Colección Universidad ; |
| -- |
23 |
| 505 00 - |
| -- |
Conceptos generales en relación al desarrollo infantil / |
| -- |
Esteban Rowensztein -- |
| -- |
Contribuciones de las neurociencias al conocimiento de los problemas del desarrollo humano. La complejidad del sistema nervioso y las funciones emergentes / |
| -- |
Diana Jerusalinsky -- |
| -- |
Clínica con bebés y niños con problemas en el desarrollo ¿y dónde está el sujeto? / |
| -- |
Delia M. Maidagan -- |
| -- |
Subjetivación y desarrollo / |
| -- |
José R. Kremenchuzky -- |
| -- |
Psicoanálisis y ciencia contemporánea en la clínica infantil / |
| -- |
Alfredo Jerusalinsky -- |
| -- |
Cómo abordar problemáticas relacionadas con el desarrollo infantil desde la pediatría / |
| -- |
Esteban Roewensztein -- |
| -- |
Obstáculos y dudas que se presentan en el desarrollo de niños pequeños. Clínica de la estimulación temprana / |
| -- |
Claudia Sykuler -- |
| -- |
Apropiación del lenguaje. Observables clínicos / |
| -- |
Noemí Giuliani -- |
| -- |
El lugar del jardín de infantes en la detección de niños con dificultades en el desarrollo / |
| -- |
Mariana Smibiansky -- |
| -- |
La clínica psicomotriz. Un modo de abordar las problemáticas que los niños presentan en y con su cuerpo / |
| -- |
Claudia Sykuler -- |
| -- |
Juego y dibujo en la clínica psicoanalítica / |
| -- |
Norma Manavella -- |
| -- |
Problemas en el aprendizaje: el caso de la dislexia / |
| -- |
Norma Filidoro -- |
| -- |
Síntomas emocionales en los niños / |
| -- |
Norma Manavella -- |
| -- |
Rol del neurólogo en la atención de niños con problemas en el desarrollo / |
| -- |
Natalia Taratuto -- |
| -- |
De qué hablamos cuando hablamos de trastornos del espectro autista / |
| -- |
Esteban Rowensztein -- |
| -- |
Acerca de la etiología de las alteraciones del desarrollo que afectan funciones cognitivas y afectivas: algunas hipóstesis. Intersecciones entre neurociencias y psicoanálisis / |
| -- |
Diana Jerusalinsky -- |
| -- |
La encrucijada entre el desarrollo infantil y las nuevas tecnologías / |
| -- |
Paula Landen, Abel Monk -- |
| -- |
Autismo, Asperger y psicosis infantiles: por qué el TEA les "queda chico" / |
| -- |
Alfredo Jerusalinsky -- |
| -- |
Intervenciones no farmacológicas en niños con autismo / |
| -- |
Fernando Alonso -- |
| -- |
Educación inclusiva e integración escolar / |
| -- |
Norma Filidoro -- |
| -- |
Hablar de los que no hablan / |
| -- |
Fernando Baralo -- |
| -- |
Tensiones respecto de la detección e intervención temprana frente a problemas del desarrollo infantil en contextos vulnerables / |
| -- |
Juan Costa -- |
| -- |
Dispositivo y lazo social. Algo elemental más allá del fenómeno / |
| -- |
Graciela Bernztein -- |
| -- |
Una malnutrida realidad / |
| -- |
María Luján Picabea -- |
| -- |
Reflexiones sobre la realidad actual / |
| -- |
José R. Kremenchuzky. |
| 650 #4 - |
| -- |
Desarrollo infantil |
| -- |
176 |
| 700 1# - |
| -- |
Rowensztein, Esteban |
| -- |
53434 |
| -- |
compilación |
| 700 1# - |
| -- |
Kremenchuzky, José R. |
| -- |
53436 |
| -- |
compilación |
| 902 ## - ELEMENTOS DE DATOS B LOCAL, LDB (RLIN) |
| Creó |
GCH270824 |
| Modificó |
Víctor Ruiz/050924 |
| 942 ## - ELEMENTOS DE PUNTO DE ACCESO ADICIONAL (KOHA) |
| Fuente del sistema de clasificación o colocación |
Library of Congress Classification |
| Tipo de ítem Koha |
Libro |